000 00469nam a2200169Ia 4500
003 GCL
008 140319s9999 xx 000 0 eng d
040 _aGCL /
_cGCL
082 0 4 _a620.11297
_bE N
100 1 _aMORRIS,NOED M
245 1 0 _aELECTRICAL CIRCUIT ANALYSIS AND DESIGN /
_cMORRIS,NOED M
260 _a[S.N] :
_bTHE MACMILLAN PRESS 1 TD
650 0 4 _aCICUIT ANALYSIS
650 0 4 _aELEMENTS AND LAWS
650 0 4 _aENERGY STORAGE ELEMENTS
942 _2ddc
_cBK
999 _c15116
_d15116